Equality and efficiency, the big tradeoff / (Record no. 19646)
[ view plain ]
| 000 -LEADER | |
|---|---|
| fixed length control field | 00960pam a2200277 i 4500 |
| 001 - CONTROL NUMBER | |
| control field | 19646 |
| 003 - CONTROL NUMBER IDENTIFIER | |
| rucl marc code | BD-RjUL |
| 005 - DATE AND TIME OF LATEST TRANSACTION | |
| control field | 20211209000446.0 |
| 008 - FIXED-LENGTH DATA ELEMENTS--GENERAL INFORMATION | |
| fixed length control field | 140225s1975 dcu b 001 0 eng |
| 020 ## - INTERNATIONAL STANDARD BOOK NUMBER | |
| International Standard Book Number | 0815764766. |
| -- | 0815764758 |
| 035 ## - SYSTEM CONTROL NUMBER | |
| System control number | (BD-RjUL)19706 |
| 040 ## - CATALOGING SOURCE | |
| Original cataloging agency | DLC |
| Transcribing agency | DLC |
| Modifying agency | DLC |
| -- | BD-RjUL |
| Language of cataloging | eng |
| 041 ## - LANGUAGE CODE | |
| Language code of text/sound track or separate title | eng |
| 082 00 - DEWEY DECIMAL CLASSIFICATION NUMBER | |
| Classification number | 330.12 |
| Author mark and year | OKE 1975 |
| 100 1# - MAIN ENTRY--PERSONAL NAME | |
| Personal name | Okun, Arthur M. |
| 9 (RLIN) | 60401 |
| 245 10 - TITLE STATEMENT | |
| Title | Equality and efficiency, the big tradeoff / |
| Statement of responsibility, etc. | Arthur M. Okun. |
| 260 ## - PUBLICATION, DISTRIBUTION, ETC. (IMPRINT) | |
| Place of publication, distribution, etc. | Washington : |
| Name of publisher, distributor, etc. | The Brookings Institution, |
| Date of publication, distribution, etc. | c1975. |
| 300 ## - PHYSICAL DESCRIPTION | |
| Pagination | xi, 124 p. ; |
| Size | 22 cm. |
| 500 ## - GENERAL NOTE | |
| General note | "Revised and expanded version of material presented in the Godkin lectures at the John F. Kennedy School of Government of Harvard University in April 1974." |
| 504 ## - BIBLIOGRAPHY, ETC. NOTE | |
| Bibliography, etc | Includes bibliographical references and index. |
| 650 #0 - SUBJECT ADDED ENTRY--TOPICAL TERM | |
| Topical term or geographic name as entry element | Comparative economics. |
| 9 (RLIN) | 6168 |
| Topical term or geographic name as entry element | Equality. |
| 9 (RLIN) | 60402 |
| 942 ## - ADDED ENTRY ELEMENTS (KOHA) | |
| Source of classification or shelving scheme | Dewey Decimal Classification |
| Koha item type | Books |
| Lost status | Source of classification or shelving scheme | Damaged status | Not for loan | Permanent Location | Current Location | Shelving location | Date acquired | Source of acquisition | Cost, normal purchase price | Total Checkouts | Full call number | Date last seen | Copy number | Koha item type |
|---|---|---|---|---|---|---|---|---|---|---|---|---|---|---|
| Dewey Decimal Classification | Central Library, University of Rajshahi | Central Library, University of Rajshahi | 22/07/1985 | American Cul. | 0.00 | 330.12 OKE 1975 | 25/02/2014 | C-2 | Books | |||||
| Dewey Decimal Classification | Central Library, University of Rajshahi | Central Library, University of Rajshahi | 24/12/1976 | U. S. I. S. | 0.00 | 330.12 OKE 1975 | 26/02/2014 | C-1 | Books |